000 00756nam a22002417a 4500
005 20170124105924.0
010 _aB-22585
020 _c00.00
_a8175410485
035 _aB-22585
037 _bCen Lib/Ret
040 _aDPL
_bEN
082 _a320.954
_bVAJ
100 _aVajpayee, Atal Bihari
_95644
245 _aDecisive days /
_cby Atal Bihari Vajpaye; edited by N. M. Ghatate
260 _aDelhi
_bShipra
_c1999
270 _a115A, Vikas Marg, Shakarpur
_bDelhi
_e110092
300 _aviii, 352p.:
_c24cm(Hb)
_bill. col.
500 _aIncludes appendix and index
650 _aForeign policy
_95145
650 _aNational security-Law and legislation
_95645
700 _aGhatate, N. M.
_95648
942 _2ddc
_cEN
_h320.954
_mVAJ
999 _c123367
_d123367